• 首页
  • 本馆介绍
  • 公告通知
  • 最新文献
  • 馆藏检索
  • 电子资源
  • 读者导购
  • 参考咨询
  • 我的图书馆
  • 登录
  • 详细信息显示
  • 放入我的书架
  • 预约/预借图书
  • 作者相关作品
  • 分类相关作品
  • 丛书相关作品
  • 出版社相关作品

书目信息

  • 表格格式
  • 工作单格式
  • 卡片格式
题名:
化工压力容器设计选材
    
 
作者: 王非 编著
分册:  
出版信息: 北京   化学工业出版社  2013.10
页数: 246页
开本: 24cm
丛书名:
单 册:
中图分类: TQ051.304
科图分类:
主题词: 化工设备--压力容器--材料 , 化工设备 , 压力容器
电子资源:
ISBN: 978-7-122-17485-7
000 01141nam0 2200277 450
001 006209044
005 20140609160847.34
010    @a978-7-122-17485-7@dCNY58.00
100    @a20130916d2013 em y0chiy0110 ea
101 0  @achi
102    @aCN@b110000
105    @aak z 001yy
106    @ar
200 1  @a化工压力容器设计选材@9hua gong ya li rong qi she ji xuan cai@dMaterial selection in chemical pressure vessel design@f王非编著@zeng
210    @a北京@c化学工业出版社@d2013.10
215    @a246页@c图@d24cm
330    @a本书首先对材料性能做了基本介绍,按照板、管、锻、棒分别介绍选材的具体要求及介绍代材注意事项;重点围绕韧脆转变温度讨论了低温设备选材的要点,围绕蠕变讨论了高温设备选材的要点,围绕电化学腐蚀讨论了局部腐蚀控制经验和选材要点,并介绍了金属耐腐蚀性能的试验与检验。
333    @a工艺专业及化工压力容器制造单位和相关人员
510 1  @aMaterial selection in chemical pressure vessel design@zeng
606 0  @a化工设备@x压力容器@x材料
606 0  @a化工设备
606 0  @a压力容器
690    @aTQ051.304@v5
701  0 @a王非@9wang fei@4编著
801  0 @aCN@b人天书店@c20130916
905    @b847192-94@dTQ051.304@e227@f3
    
    化工压力容器设计选材=Material selection in chemical pressure vessel design/王非编著.-北京:化学工业出版社,2013.10
    246页:图;24cm
    使用对象:工艺专业及化工压力容器制造单位和相关人员
    
    ISBN 978-7-122-17485-7:CNY58.00
    本书首先对材料性能做了基本介绍,按照板、管、锻、棒分别介绍选材的具体要求及介绍代材注意事项;重点围绕韧脆转变温度讨论了低温设备选材的要点,围绕蠕变讨论了高温设备选材的要点,围绕电化学腐蚀讨论了局部腐蚀控制经验和选材要点,并介绍了金属耐腐蚀性能的试验与检验。
●
相关链接 在E读中查询图书 在五车中查询图书 在当当中查询图书 在豆瓣中查询图书


正题名:化工压力容器设计选材     索取号:TQ051.304/227         预约/预借

序号 登录号 条形码 馆藏地/架位号 状态 备注
1 847192   208471928   第二样本阅览室/ [索取号:TQ051.304/227] 在馆    
2 847193   208471937   第三借阅区/ [索取号:TQ051.304/227] 在馆    
3 847194   208471946   密集书库-化学系/ [索取号:TQ051.304/227] 在馆    
唐山师范学院图书馆 欢迎您!
大连网信软件有限公司© 版权所有